Normal view
MARC view
- Aasia Khanum, Muid Mufti, Younus Javed
Entry Personal Name
001 - CONTROL NUMBER
- control field: 59351
003 - CONTROL NUMBER IDENTIFIER
- control field: NUST
005 - DATE AND TIME OF LATEST TRANSACTION
- control field: 20210628202326.0
008 - FIXED-LENGTH DATA ELEMENTS
- fixed length control field: 210628|| aca||aabn | a|a d
040 ## - CATALOGING SOURCE
- Original cataloging agency: NUST
- Transcribing agency: NUST
100 ## - HEADING--PERSONAL NAME
- Personal name: Aasia Khanum, Muid Mufti, Younus Javed
670 ## - SOURCE DATA FOUND
- Source citation: Work cat.: (NUST): Aasia Khanum, Muid Mufti, Younus Javed, Intelligent expression blending in performance driven facial animaiton, 2011
